Matematica con clic pazzeschi - Statistics

Statistiche generali
  • Questo quiz è stato fatto 243 volte
  • Il punteggio medio è 18 su 30
Statistiche sulle risposte
Hint Risposta % Corretto
1+1 2
100%
Qual è il numero più grande qui? 4
98%
3-1 2
92%
2+1 3
91%
12/4 3
90%
3^1 3
89%
4-2 2
88%
2^0 1
83%
-4+6 2
82%
5/2,5 2
80%
Radice cubica di 27 3
80%
2^2 4
80%
9-8 1
79%
(2^3)/(2^2) 2
79%
40/10 4
79%
2(3-1) 4
77%
2/1 2
73%
6(1/2) 3
59%
Radice quadrata di 4 2
53%
48/24+2 4
49%
30-58/2 1
37%
6/(4+2) 1
31%
56/8-4 3
29%
(-4)^2-15 1
26%
(20-10)/5 2
24%
2x+4=10 Qual è il valore di x 3
19%
2x+4=7x-1 Qual è il valore di x 1
12%
Numero naturale più piccolo 1
11%
2^2 4
10%
Quanti fattori positivi ha 6? 4
6%
Nessun quiz corrispondente trovato
Distribuzione punteggi
Percentuale di utenti per punteggio
Percentile per numero di risposta
I tuoi punteggi nel tempo
Non hai fatto questo quiz